[Event "Quebec op"]
[Site "Montreal CAN"]
[Date "1997.07.28"]
[Round "4"]
[White "Rousseau, Daniel"]
[Black "Laurain, Guy"]
[Result "1-0"]
[WhiteElo "1967"]
[BlackElo "2138"]
[PlyCount "86"]
[GameId "2160767911932369"]
[EventDate "1997.07.26"]
[EventType "swiss"]
[EventRounds "9"]
[EventCountry "CAN"]
[SourceTitle "EXT 97"]
[Source "ChessBase"]
[SourceDate "1997.11.17"]
[SourceVersion "1"]
[SourceVersionDate "1997.11.17"]
[SourceQuality "1"]

1. e4 c5 2. Nf3 Nc6 3. d4 cxd4 4. Nxd4 Nf6 5. Nc3 d6 6. Bg5 e6 7. Qd2 a6 8. O-O-O h6 9. Bf4 Bd7 10. Nxc6 Bxc6 11. f3 e5 12. Be3 b5 13. g4 Be7 14. Rg1 Qa5 15. Kb1 b4 16. Nd5 Bxd5 17. exd5 Nd7 18. f4 Nc5 19. Bxc5 Qxc5 20. fxe5 dxe5 21. d6 Rd8 22. d7+ Kf8 23. Bxa6 g6 24. Rgf1 Kg7 25. Qd3 Rhf8 26. Bc4 Bg5 27. Bb3 Be3 28. c3 bxc3 29. bxc3 Bf4 30. h4 Rb8 31. Kc2 Qe7 32. h5 Rfd8 33. Qd5 Rb6 34. Rfe1 Qf6 35. c4 Qc6 36. c5 Qxd5 37. Rxd5 Rb7 38. c6 Rc7 39. Ba4 gxh5 40. gxh5 Kf6 41. Kd3 Ke6 42. Kc4 f6 43. Bb5 Bd2 1-0

[Event "Quebec op"]
[Site "Montreal CAN"]
[Date "1997.07.28"]
[Round "4"]
[White "Schleifer, Michael"]
[Black "Bergeron, Florian"]
[Result "1/2-1/2"]
[WhiteElo "2327"]
[BlackElo "2095"]
[PlyCount "80"]
[GameId "2160767911932370"]
[EventDate "1997.07.26"]
[EventType "swiss"]
[EventRounds "9"]
[EventCountry "CAN"]
[SourceTitle "EXT 97"]
[Source "ChessBase"]
[SourceDate "1997.11.17"]
[SourceVersion "1"]
[SourceVersionDate "1997.11.17"]
[SourceQuality "1"]

1. d4 Nf6 2. c4 g6 3. Nc3 Bg7 4. e4 d6 5. f3 O-O 6. Be3 Nc6 7. Bd3 e5 8. d5 Nd4 9. Nge2 c5 10. dxc6 bxc6 11. O-O c5 12. Bg5 h6 13. Bh4 g5 14. Bf2 Nh5 15. Nxd4 cxd4 16. Nd5 Be6 17. g3 Nf6 18. Kh1 Kh8 19. Qd2 Nh7 20. g4 Rg8 21. Rg1 Nf8 22. h4 Bxd5 23. exd5 Qf6 24. Rg3 Qf4 25. Qe2 gxh4 26. Rh3 Ng6 27. Bxh4 Nxh4 28. Rxh4 Bf6 29. Rh5 Kg7 30. Be4 Bg5 31. Rd1 Rab8 32. Rh2 Rb6 33. b3 Rgb8 34. Qe1 Rb4 35. Rh3 a5 36. Bc2 a4 37. Rd3 axb3 38. axb3 Qc1 39. Qxc1 Bxc1 40. Kg2 Ra8 1/2-1/2

[Event "Quebec op"]
[Site "Montreal CAN"]
[Date "1997.07.28"]
[Round "4"]
[White "Wenaas, Eric"]
[Black "Groleau, Gilles"]
[Result "0-1"]
[WhiteElo "2133"]
[BlackElo "1995"]
[PlyCount "61"]
[GameId "2160767911932371"]
[EventDate "1997.07.26"]
[EventType "swiss"]
[EventRounds "9"]
[EventCountry "CAN"]
[SourceTitle "EXT 97"]
[Source "ChessBase"]
[SourceDate "1997.11.17"]
[SourceVersion "1"]
[SourceVersionDate "1997.11.17"]
[SourceQuality "1"]

1. c4 Nf6 2. Nf3 c5 3. Nc3 Nc6 4. g3 g6 5. Bg2 Bg7 6. O-O O-O 7. d4 cxd4 8. Nxd4 Nxd4 9. Qxd4 d6 10. Qd3 a6 11. e4 Qc7 12. Be3 Be6 13. b3 Rac8 14. Rac1 Ng4 15. Bd4 Ne5 16. Qd2 Qa5 17. h3 b5 18. cxb5 axb5 19. f4 Nc6 20. Bxg7 Kxg7 21. f5 Bd7 22. f6+ exf6 23. Qxd6 Be6 24. Nd5 Rcd8 25. Qf4 f5 26. exf5 Bxf5 27. g4 Qa7+ 28. Kh1 Be6 29. Qf6+ Kg8 30. Rxc6 Bxd5 31. Bxd5 0-1

[Event "Quebec op"]
[Site "Montreal CAN"]
[Date "1997.07.29"]
[Round "5"]
[White "Abreu Cordero, Jose"]
[Black "Schleifer, Michael"]
[Result "0-1"]
[WhiteElo "2007"]
[BlackElo "2327"]
[PlyCount "116"]
[GameId "2160767911932372"]
[EventDate "1997.07.26"]
[EventType "swiss"]
[EventRounds "9"]
[EventCountry "CAN"]
[SourceTitle "EXT 97"]
[Source "ChessBase"]
[SourceDate "1997.11.17"]
[SourceVersion "1"]
[SourceVersionDate "1997.11.17"]
[SourceQuality "1"]

1. d4 Nf6 2. c4 g6 3. Nc3 Bg7 4. e4 O-O 5. f3 d6 6. Be3 Nc6 7. Nge2 a6 8. Qd2 Rb8 9. d5 Ne5 10. Nd4 c5 11. Nc2 e6 12. Bg5 exd5 13. Nxd5 Be6 14. Be2 Bxd5 15. cxd5 b5 16. O-O Re8 17. Rac1 a5 18. b3 b4 19. Ne1 Qb6 20. Be3 Ra8 21. Nd3 Nxd5 22. Bxc5 dxc5 23. Nxe5 Rxe5 24. exd5 c4+ 25. Kh1 c3 26. Qd1 Qf6 27. Bc4 Rae8 28. Rc2 Bh6 29. Re2 Rxe2 30. Bxe2 Re5 31. Bc4 Rh5 32. f4 Bxf4 33. h3 Bd2 34. Qe2 Re5 35. Qd3 Re1 36. Rxe1 Bxe1 37. Qe4 Bg3 38. Bd3 Qf4 39. Qf3 Qxf3 40. gxf3 Kf8 41. Kg2 Bf4 42. Kf1 Ke7 43. Ke2 Kd6 44. Kd1 Kxd5 45. Bc4+ Kd4 46. Bxf7 Kd3 47. Bc4+ Ke3 48. Bd5 Kf2 49. h4 Kg3 50. Bg8 h6 51. Bf7 Kxh4 52. Bxg6 Kg5 53. Be8 h5 54. Bd7 Be5 55. Ke2 Bd4 56. Be6 Kf4 57. Bd7 h4 58. Be6 Kg3 0-1

[Event "Quebec op"]
[Site "Montreal CAN"]
[Date "1997.07.29"]
[Round "5"]
[White "Courval, Francois"]
[Black "Reeve, Jeff"]
[Result "0-1"]
[WhiteElo "1960"]
[BlackElo "2180"]
[PlyCount "90"]
[GameId "2160767911932373"]
[EventDate "1997.07.26"]
[EventType "swiss"]
[EventRounds "9"]
[EventCountry "CAN"]
[SourceTitle "EXT 97"]
[Source "ChessBase"]
[SourceDate "1997.11.17"]
[SourceVersion "1"]
[SourceVersionDate "1997.11.17"]
[SourceQuality "1"]

1. e4 c5 2. Nf3 Nc6 3. Bb5 g6 4. O-O Bg7 5. Re1 Nf6 6. c3 O-O 7. d4 cxd4 8. cxd4 a6 9. Bf1 d5 10. e5 Ne4 11. Ng5 Nxg5 12. Bxg5 Qb6 13. Be3 Qxb2 14. Nd2 Bf5 15. Nb3 h5 16. h3 b6 17. g4 hxg4 18. hxg4 Bd7 19. Bc1 Qc3 20. Re3 Qb4 21. a4 Bxg4 22. Qxg4 Nxe5 23. Qg2 Nc4 24. Rh3 Qd6 25. Qh2 Qxh2+ 26. Kxh2 e5 27. Bh6 Bxh6 28. Rxh6 e4 29. a5 b5 30. Kg3 Kg7 31. Rh1 f5 32. Kf4 Kf6 33. Bxc4 dxc4 34. Nc5 Rfd8 35. Ke3 Rd5 36. Rh7 Rad8 37. Ra7 Rxd4 38. Rxa6+ Ke5 39. Rxg6 f4+ 40. Ke2 f3+ 41. Ke1 c3 42. Re6+ Kd5 43. Rxe4 Rxe4+ 44. Nxe4 Kxe4 45. a6 Rh8 0-1

[Event "Quebec op"]
[Site "Montreal CAN"]
[Date "1997.07.29"]
[Round "5"]
[White "Fontaine, Jacques"]
[Black "Wenaas, Eric"]
[Result "0-1"]
[WhiteElo "2024"]
[BlackElo "2133"]
[PlyCount "130"]
[GameId "2160767911932374"]
[EventDate "1997.07.26"]
[EventType "swiss"]
[EventRounds "9"]
[EventCountry "CAN"]
[SourceTitle "EXT 97"]
[Source "ChessBase"]
[SourceDate "1997.11.17"]
[SourceVersion "1"]
[SourceVersionDate "1997.11.17"]
[SourceQuality "1"]

1. e4 e5 2. Nf3 Nc6 3. Bb5 a6 4. Ba4 Nf6 5. O-O b5 6. Bb3 Bb7 7. d4 Nxd4 8. Nxd4 exd4 9. e5 Ne4 10. c3 d3 11. Qxd3 Nc5 12. Qg3 Nxb3 13. axb3 Qe7 14. Na3 Qe6 15. Nc2 Qg6 16. Ne3 Qxg3 17. hxg3 O-O-O 18. Nf5 Re8 19. Bf4 h5 20. c4 g6 21. Nh4 Bg7 22. cxb5 axb5 23. Ra5 Bxe5 24. Be3 Bxg3 25. Nf3 Bxf3 26. gxf3 Be5 27. Ra8+ Kb7 28. Ra7+ Kb8 29. Rfa1 d6 30. Rc1 d5 31. Rca1 d4 32. Bd2 Kc8 33. R1a5 Kd7 34. Rxb5 Bd6 35. Bf4 Rb8 36. Bxd6 Rxb5 37. Bxc7 Kc6 38. Bf4 Rf5 39. Bd2 Rxf3 40. Ra6+ Kb7 41. Rd6 Rxb3 42. Rxd4 Rxb2 43. Kg2 Rc8 44. Bf4 Rbc2 45. Rd7+ R8c7 46. Bxc7 Rxc7 47. Rd8 Kc6 48. Rd3 Rd7 49. Ra3 Kd6 50. Ra5 Ke6 51. Rb5 Rd5 52. Rb6+ Kf5 53. Rb4 g5 54. Ra4 f6 55. Rb4 Re5 56. Ra4 Re4 57. Ra5+ Kf4 58. Ra3 g4 59. Ra2 h4 60. Rb2 f5 61. Ra2 h3+ 62. Kg1 Re1+ 63. Kh2 Kf3 64. Ra3+ Kxf2 65. Rf3+ gxf3 0-1

[Event "Quebec op"]
[Site "Montreal CAN"]
[Date "1997.07.29"]
[Round "5"]
[White "Gagnon, Michel"]
[Black "McDonough, Jonathan"]
[Result "1-0"]
[WhiteElo "2059"]
[BlackElo "1898"]
[PlyCount "59"]
[GameId "2160767911932375"]
[EventDate "1997.07.26"]
[EventType "swiss"]
[EventRounds "9"]
[EventCountry "CAN"]
[SourceTitle "EXT 97"]
[Source "ChessBase"]
[SourceDate "1997.11.17"]
[SourceVersion "1"]
[SourceVersionDate "1997.11.17"]
[SourceQuality "1"]

1. d4 Nf6 2. Nf3 d5 3. e3 e6 4. Bd3 c5 5. c3 Nc6 6. Nbd2 Be7 7. O-O Qb6 8. Qe2 O-O 9. dxc5 Qxc5 10. e4 dxe4 11. Nxe4 Nxe4 12. Qxe4 f5 13. Qe2 e5 14. Bc4+ Kh8 15. b4 Qd6 16. Rd1 Qc7 17. b5 e4 18. bxc6 exf3 19. Qxf3 Be6 20. Ba3 Rfe8 21. Bd5 Rab8 22. Rab1 Bf6 23. Rxb7 Rxb7 24. cxb7 Bxd5 25. Qxd5 Qxc3 26. Qe6 Qe5 27. Qxe5 Bxe5 28. g3 Bb8 29. Rd7 Be5 30. Bd6 1-0

[Event "Quebec op"]
[Site "Montreal CAN"]
[Date "1997.07.29"]
[Round "5"]
[White "Girard, Robin"]
[Black "Burnett, Ronald"]
[Result "1-0"]
[WhiteElo "2241"]
[BlackElo "2445"]
[PlyCount "101"]
[GameId "2160767911932376"]
[EventDate "1997.07.26"]
[EventType "swiss"]
[EventRounds "9"]
[EventCountry "CAN"]
[SourceTitle "EXT 97"]
[Source "ChessBase"]
[SourceDate "1997.11.17"]
[SourceVersion "1"]
[SourceVersionDate "1997.11.17"]
[SourceQuality "1"]

1. e4 c5 2. Nf3 Nc6 3. d4 cxd4 4. Nxd4 Nf6 5. Nc3 d6 6. Bc4 Qb6 7. Nb3 e6 8. O-O a6 9. Be3 Qc7 10. a4 b6 11. Be2 Bb7 12. f4 Be7 13. Bf3 O-O 14. g4 Rfe8 15. g5 Nd7 16. Bg2 g6 17. h4 Bf8 18. h5 Bg7 19. Qd2 Rad8 20. hxg6 hxg6 21. f5 gxf5 22. exf5 exf5 23. Nd5 Qb8 24. Rxf5 Ne7 25. Nxe7+ Rxe7 26. g6 Bxg2 27. gxf7+ Rxf7 28. Rxf7 Kxf7 29. Qxg2 Rg8 30. Qd5+ Ke7 31. Kf2 Qc8 32. Bg5+ Bf6 33. Re1+ Ne5 34. Bxf6+ Kxf6 35. Qxd6+ Qe6 36. Qxe6+ Kxe6 37. a5 bxa5 38. Nxa5 Rc8 39. Re2 Kd5 40. Rd2+ Ke4 41. c3 Nd3+ 42. Ke2 Nxb2 43. Rd4+ Ke5 44. Kd2 Rh8 45. Kc2 Rh2+ 46. Kb3 Kf6 47. Nc6 Ke6 48. Nb4 a5 49. Nc2 a4+ 50. Kxb2 a3+ 51. Kb3 1-0

[Event "Quebec op"]
[Site "Montreal CAN"]
[Date "1997.07.29"]
[Round "5"]
[White "Guevremont, Grant"]
[Black "Fillion, Steve"]
[Result "0-1"]
[WhiteElo "1940"]
[BlackElo "2127"]
[PlyCount "80"]
[GameId "2160767911932377"]
[EventDate "1997.07.26"]
[EventType "swiss"]
[EventRounds "9"]
[EventCountry "CAN"]
[SourceTitle "EXT 97"]
[Source "ChessBase"]
[SourceDate "1997.11.17"]
[SourceVersion "1"]
[SourceVersionDate "1997.11.17"]
[SourceQuality "1"]

1. e4 e6 2. d4 d5 3. Nd2 Be7 4. Ngf3 Nf6 5. e5 Nfd7 6. c3 c5 7. Be2 Nc6 8. O-O Qb6 9. Nb3 c4 10. Nbd2 Qc7 11. Re1 O-O 12. Nf1 f6 13. exf6 Nxf6 14. Ng3 Bd7 15. Ne5 Bd6 16. f4 b5 17. Bg4 Rae8 18. Re3 Bc8 19. Qe2 Ne7 20. Bd2 Nf5 21. Bxf5 exf5 22. a3 Ne4 23. Rf1 a5 24. Nxe4 fxe4 25. g4 Qb6 26. Be1 g5 27. Bg3 Bxe5 28. fxe5 Rxf1+ 29. Kxf1 Rf8+ 30. Kg1 b4 31. h3 bxa3 32. bxa3 Qb3 33. Qd2 Qxa3 34. Rxe4 dxe4 35. Qxg5+ Kh8 36. e6 Qa1+ 37. Kh2 Qb2+ 38. Kg1 Qb1+ 39. Kh2 Qc2+ 40. Kg1 Qd1+ 0-1

[Event "Quebec op"]
[Site "Montreal CAN"]
[Date "1997.07.29"]
[Round "5"]
[White "Landry, Sylvain"]
[Black "Cormos, Eugene"]
[Result "0-1"]
[WhiteElo "1981"]
[BlackElo "2083"]
[PlyCount "80"]
[GameId "2160767911932378"]
[EventDate "1997.07.26"]
[EventType "swiss"]
[EventRounds "9"]
[EventCountry "CAN"]
[SourceTitle "EXT 97"]
[Source "ChessBase"]
[SourceDate "1997.11.17"]
[SourceVersion "1"]
[SourceVersionDate "1997.11.17"]
[SourceQuality "1"]

1. e4 e5 2. f4 exf4 3. Nf3 d6 4. d4 g5 5. h4 g4 6. Ng1 Qf6 7. Nc3 c6 8. Nge2 Bh6 9. g3 fxg3 10. Nxg3 Bxc1 11. Rxc1 Be6 12. Bg2 Ne7 13. Qd2 h5 14. e5 dxe5 15. Nce4 Qh6 16. dxe5 Nd7 17. Rd1 Qxd2+ 18. Kxd2 O-O-O 19. Kc1 Ng6 20. Rde1 Nf4 21. Nd6+ Kc7 22. Bf1 f6 23. Bc4 Nxe5 24. Bxe6 Rxd6 25. Bb3 Rhd8 26. Rhf1 Ng2 27. Re2 Nf4 28. Re4 Neg6 29. c3 Nd3+ 30. Kc2 Nc5 31. Re2 Nxb3 32. Kxb3 Nxh4 33. Nxh5 Nf3 34. Re7+ R8d7 35. Rxd7+ Kxd7 36. Rf2 f5 37. Nf4 Ke7 38. Kc2 Kf6 39. Rg2 Kg5 40. Nd3 Rxd3 0-1

[Event "Quebec op"]
[Site "Montreal CAN"]
[Date "1997.07.29"]
[Round "5"]
[White "Laurain, Guy"]
[Black "Drolet, Stephane"]
[Result "1-0"]
[WhiteElo "2138"]
[BlackElo "1903"]
[PlyCount "85"]
[GameId "2160767911932379"]
[EventDate "1997.07.26"]
[EventType "swiss"]
[EventRounds "9"]
[EventCountry "CAN"]
[SourceTitle "EXT 97"]
[Source "ChessBase"]
[SourceDate "1997.11.17"]
[SourceVersion "1"]
[SourceVersionDate "1997.11.17"]
[SourceQuality "1"]

1. e4 e6 2. d4 d5 3. Nc3 Bb4 4. e5 b6 5. Qg4 Bf8 6. Nge2 Ba6 7. Bg5 Qd7 8. O-O-O Nc6 9. h4 h6 10. Be3 Nge7 11. Qf3 Na5 12. b3 Nf5 13. Kb2 Nxe3 14. fxe3 Bb4 15. Nb1 O-O-O 16. Nf4 Bxf1 17. Rhxf1 Rdf8 18. c4 g5 19. Nd3 Be7 20. cxd5 exd5 21. Nc3 c6 22. h5 f5 23. Qe2 Qe6 24. Rc1 Kb8 25. Na4 Rc8 26. Rc2 Rh7 27. a3 Bf8 28. Rfc1 Rhc7 29. Nb4 Bxb4 30. axb4 Nb7 31. Qa6 Nd8 32. Ra1 Rb7 33. Rf2 Qe7 34. Rxf5 Qxb4 35. Nc3 Qe7 36. Raf1 Ne6 37. g4 b5 38. Rf6 Rb6 39. Qa5 b4 40. Na4 Rb7 41. Qa6 Nd8 42. Qd3 Qc7 43. Nc5 1-0

[Event "Quebec op"]
[Site "Montreal CAN"]
[Date "1997.07.29"]
[Round "5"]
[White "Leriche, Felix"]
[Black "Bergeron, Florian"]
[Result "1-0"]
[WhiteElo "2005"]
[BlackElo "2095"]
[PlyCount "87"]
[GameId "2160767911932380"]
[EventDate "1997.07.26"]
[EventType "swiss"]
[EventRounds "9"]
[EventCountry "CAN"]
[SourceTitle "EXT 97"]
[Source "ChessBase"]
[SourceDate "1997.11.17"]
[SourceVersion "1"]
[SourceVersionDate "1997.11.17"]
[SourceQuality "1"]

1. e4 Nf6 2. e5 Nd5 3. d4 d6 4. c4 Nb6 5. f4 dxe5 6. fxe5 Nc6 7. Be3 Bf5 8. Nc3 e6 9. Nf3 Bg4 10. Be2 Bxf3 11. gxf3 Qh4+ 12. Bf2 Qf4 13. c5 Nd7 14. Bb5 Be7 15. Bxc6 bxc6 16. O-O Bh4 17. Bxh4 Qxh4 18. f4 O-O 19. Qf3 Rab8 20. Rf2 Rb4 21. Rd1 Rfb8 22. b3 Nf8 23. Qxc6 g5 24. Qg2 g4 25. Ne4 h5 26. Nf6+ Kh8 27. Qe4 Rd8 28. Qe3 Nd7 29. Nxd7 Rxd7 30. f5 g3 31. hxg3 Qg4 32. Rfd2 exf5 33. a3 Rb8 34. d5 Rg8 35. Kf2 Qh3 36. Rg1 h4 37. Qf3 hxg3+ 38. Rxg3 Qh2+ 39. Qg2 Qxg3+ 40. Qxg3 Rxg3 41. Kxg3 f4+ 42. Kxf4 Kg7 43. d6 cxd6 44. cxd6 1-0

[Event "Quebec op"]
[Site "Montreal CAN"]
[Date "1997.07.29"]
[Round "5"]
[White "Leveille, Francois"]
[Black "Ibrahim, Anthony"]
[Result "1-0"]
[WhiteElo "2326"]
[BlackElo "2063"]
[PlyCount "99"]
[GameId "2160767911932382"]
[EventDate "1997.07.26"]
[EventType "swiss"]
[EventRounds "9"]
[EventCountry "CAN"]
[SourceTitle "EXT 97"]
[Source "ChessBase"]
[SourceDate "1997.11.17"]
[SourceVersion "1"]
[SourceVersionDate "1997.11.17"]
[SourceQuality "1"]

1. d4 Nf6 2. Nf3 g6 3. c4 Bg7 4. Nc3 O-O 5. e4 d6 6. Be2 e5 7. O-O Nc6 8. d5 Ne7 9. b4 Ne8 10. a4 f5 11. Ng5 h6 12. Ne6 Bxe6 13. dxe6 Qc8 14. Nd5 Qxe6 15. Nxe7+ Qxe7 16. exf5 gxf5 17. Qd5+ Kh8 18. Qxb7 Nf6 19. Ra3 e4 20. Rh3 Kh7 21. b5 Rab8 22. Qxa7 Ra8 23. Qb7 Rxa4 24. Rd1 Ra2 25. Kf1 Qf7 26. Qc6 Rc2 27. Bf4 Rb8 28. Rc1 Rxc1+ 29. Bxc1 Qd7 30. Qa6 Rb6 31. Qa8 d5 32. c5 Rxb5 33. c6 Qd6 34. Bxb5 Qc5 35. Qa3 Qxb5+ 36. Ke1 Qxc6 37. Rc3 Qd7 38. Bf4 Ne8 39. Rh3 Nf6 40. Be5 Ng4 41. Bxg7 Qxg7 42. Rg3 f4 43. Rb3 Ne5 44. Rb7 Nc4 45. Qc1 Qe5 46. g3 f3 47. Ra7 Kg6 48. Ra6+ Kg7 49. Qxh6+ Kf7 50. Qg6+ 1-0

[Event "Quebec op"]
[Site "Montreal CAN"]
[Date "1997.07.29"]
[Round "5"]
[White "Levtchouk, George"]
[Black "Gladu, Pierre"]
[Result "1/2-1/2"]
[WhiteElo "2348"]
[BlackElo "2099"]
[PlyCount "81"]
[GameId "2160767911932383"]
[EventDate "1997.07.26"]
[EventType "swiss"]
[EventRounds "9"]
[EventCountry "CAN"]
[SourceTitle "EXT 97"]
[Source "ChessBase"]
[SourceDate "1997.11.17"]
[SourceVersion "1"]
[SourceVersionDate "1997.11.17"]
[SourceQuality "1"]

1. d4 Nf6 2. c4 d6 3. Nc3 e5 4. Nf3 Nbd7 5. e4 Be7 6. Be2 O-O 7. d5 Nc5 8. Qc2 a5 9. O-O Nfd7 10. b3 b6 11. Rb1 Nb8 12. Be3 Nba6 13. a3 f5 14. b4 axb4 15. axb4 Nxe4 16. Nxe4 fxe4 17. Nd2 Bg5 18. Bxg5 Qxg5 19. Nxe4 Qg6 20. Bd3 Bf5 21. Rfe1 Nb8 22. Re3 Nd7 23. Rg3 Qh6 24. Ng5 Bxd3 25. Qxd3 Nf6 26. Ne6 Rf7 27. Rh3 Qg6 28. Qxg6 hxg6 29. Ng5 Rff8 30. Rd3 Ra2 31. Ne6 Rf7 32. f3 e4 33. Re3 exf3 34. Rxf3 b5 35. Rc1 bxc4 36. Rxc4 Nxd5 37. Rxf7 Kxf7 38. Nxc7 Nxc7 39. Rxc7+ Kf6 40. Rd7 Ra6 41. Rb7 1/2-1/2

[Event "Quebec op"]
[Site "Montreal CAN"]
[Date "1997.07.29"]
[Round "5"]
[White "Luksza, Arkadiusz"]
[Black "Clement, Michel"]
[Result "1/2-1/2"]
[WhiteElo "2106"]
[BlackElo "1997"]
[PlyCount "44"]
[GameId "2160767911932385"]
[EventDate "1997.07.26"]
[EventType "swiss"]
[EventRounds "9"]
[EventCountry "CAN"]
[SourceTitle "EXT 97"]
[Source "ChessBase"]
[SourceDate "1997.11.17"]
[SourceVersion "1"]
[SourceVersionDate "1997.11.17"]
[SourceQuality "1"]

1. d4 f5 2. g3 Nf6 3. Bg2 e6 4. Nh3 Be7 5. c4 O-O 6. O-O d6 7. Nc3 Qe8 8. e4 fxe4 9. Nxe4 Nc6 10. Qd3 e5 11. Nhg5 Nxe4 12. Bxe4 Bxg5 13. Bxg5 Nxd4 14. Bxh7+ Kh8 15. Bg6 Bf5 16. Qxf5 Rxf5 17. Bxe8 Rxg5 18. Bd7 Rf8 19. Kg2 Rg6 20. Rad1 c5 21. Rd2 Rgf6 22. Bg4 b6 1/2-1/2

[Event "Quebec op"]
[Site "Montreal CAN"]
[Date "1997.07.29"]
[Round "5"]
[White "Nogueiras, Jesus"]
[Black "Goldenberg, Danny"]
[Result "1-0"]
[WhiteElo "2535"]
[BlackElo "2272"]
[PlyCount "107"]
[GameId "2160767911932387"]
[EventDate "1997.07.26"]
[EventType "swiss"]
[EventRounds "9"]
[EventCountry "CAN"]
[SourceTitle "EXT 97"]
[Source "ChessBase"]
[SourceDate "1997.11.17"]
[SourceVersion "1"]
[SourceVersionDate "1997.11.17"]
[SourceQuality "1"]

1. c4 Nf6 2. Nc3 g6 3. g3 Bg7 4. Bg2 O-O 5. d4 d6 6. e3 Nc6 7. Nge2 e5 8. O-O exd4 9. exd4 Ne7 10. h3 d5 11. b3 Re8 12. Ba3 c6 13. Re1 Be6 14. Nf4 dxc4 15. Nxe6 fxe6 16. bxc4 Nf5 17. Ne2 Qa5 18. Qb3 Rad8 19. Bb2 Qc7 20. Rad1 e5 21. dxe5 Nd7 22. Nf4 Nc5 23. Qc2 Rxd1 24. Rxd1 Bxe5 25. Re1 Re7 26. Rxe5 Rxe5 27. Qc3 g5 28. Qxe5 Qxe5 29. Bxe5 gxf4 30. Bxf4 Ne6 31. Be5 h6 32. Be4 Ne7 33. f4 Kf7 34. Kf2 Nc5 35. Bc2 Nd7 36. Bd4 c5 37. Bc3 Nc8 38. Ke3 Nd6 39. Kd3 Nf5 40. g4 Nd6 41. Be5 Nxe5+ 42. fxe5 Nc8 43. Ke4 Ne7 44. Kf4 a6 45. a4 a5 46. Be4 Nc8 47. Bxb7 Nb6 48. Bc6 Ke7 49. Bb5 Ke6 50. h4 Nc8 51. h5 Ne7 52. g5 hxg5+ 53. Kxg5 Kf7 54. h6 1-0

[Event "Quebec op"]
[Site "Montreal CAN"]
[Date "1997.07.29"]
[Round "5"]
[White "Pineault, Denis"]
[Black "Castaneda, Nelson"]
[Result "0-1"]
[WhiteElo "2179"]
[BlackElo "2310"]
[PlyCount "52"]
[GameId "2160767911932388"]
[EventDate "1997.07.26"]
[EventType "swiss"]
[EventRounds "9"]
[EventCountry "CAN"]
[SourceTitle "EXT 97"]
[Source "ChessBase"]
[SourceDate "1997.11.17"]
[SourceVersion "1"]
[SourceVersionDate "1997.11.17"]
[SourceQuality "1"]

1. e4 c5 2. Nf3 Nc6 3. d4 cxd4 4. Nxd4 Nf6 5. Nc3 d6 6. Bc4 e6 7. Be3 Be7 8. Qe2 a6 9. Bb3 O-O 10. Rg1 Nxd4 11. Bxd4 b5 12. g4 Bb7 13. g5 Nd7 14. O-O-O b4 15. Na4 e5 16. Be3 Kh8 17. Qg4 Bc6 18. Rg3 Qa5 19. Rh3 g6 20. Rxh7+ Kxh7 21. Qh3+ Kg8 22. Qh6 Bxe4 23. f3 Bf5 24. Nb6 Nxb6 25. Rd4 exd4 26. Bxd4 Qe5 0-1

[Event "Quebec op"]
[Site "Montreal CAN"]
[Date "1997.07.29"]
[Round "5"]
[White "Pnevmonidis, Pantelis"]
[Black "Hua, Lefong"]
[Result "0-1"]
[WhiteElo "1991"]
[BlackElo "2211"]
[PlyCount "134"]
[GameId "2160767911932389"]
[EventDate "1997.07.26"]
[EventType "swiss"]
[EventRounds "9"]
[EventCountry "CAN"]
[SourceTitle "EXT 97"]
[Source "ChessBase"]
[SourceDate "1997.11.17"]
[SourceVersion "1"]
[SourceVersionDate "1997.11.17"]
[SourceQuality "1"]

1. d4 Nf6 2. c4 g6 3. Nc3 Bg7 4. e4 d6 5. Nge2 O-O 6. Ng3 Na6 7. h3 c5 8. d5 e6 9. Be2 exd5 10. exd5 Re8 11. O-O Nc7 12. Bf4 a6 13. a4 b6 14. Qd2 Rb8 15. Rab1 Qe7 16. Bg5 Qf8 17. f4 h6 18. Bxf6 Bxf6 19. f5 Bd4+ 20. Kh1 Qg7 21. fxg6 fxg6 22. Rf3 Bd7 23. Rbf1 Rf8 24. Bd1 Rxf3 25. Rxf3 b5 26. axb5 axb5 27. b3 Ra8 28. Nxb5 Bxb5 29. cxb5 Nxb5 30. Qd3 Nc3 31. Nh5 gxh5 32. Rg3 Ra1 33. Rxg7+ Bxg7 34. Qg6 Rxd1+ 35. Kh2 Rxd5 36. h4 Kh8 37. g4 hxg4 38. Qxg4 Re5 39. b4 cxb4 40. Qxb4 Ne4 41. Kg2 d5 42. Kf3 Nf6 43. Qb8+ Re8 44. Qd6 Re4 45. h5 Rh4 46. Qb8+ Kh7 47. Qb1+ Ne4 48. Qb5 Rxh5 49. Qd7 Nf6 50. Qc8 Kg6 51. Qc2+ Rf5+ 52. Kg3 Ne4+ 53. Kh3 h5 54. Qc6+ Nf6 55. Qd6 Bh6 56. Qg3+ Bg5 57. Qd6 h4 58. Qa3 Re5 59. Qd3+ Re4 60. Kg2 Kh6 61. Qb1 Re2+ 62. Kf3 Re3+ 63. Kg2 h3+ 64. Kh1 d4 65. Qf5 d3 66. Kg1 d2 67. Kf2 h2 0-1

[Event "Quebec op"]
[Site "Montreal CAN"]
[Date "1997.07.29"]
[Round "5"]
[White "Prahov, Valentin"]
[Black "Rashev, Nick"]
[Result "1/2-1/2"]
[WhiteElo "2200"]
[BlackElo "2015"]
[PlyCount "42"]
[GameId "2160767911932390"]
[EventDate "1997.07.26"]
[EventType "swiss"]
[EventRounds "9"]
[EventCountry "CAN"]
[SourceTitle "EXT 97"]
[Source "ChessBase"]
[SourceDate "1997.11.17"]
[SourceVersion "1"]
[SourceVersionDate "1997.11.17"]
[SourceQuality "1"]

1. e4 c5 2. Nc3 Nc6 3. f4 e6 4. Bc4 Nf6 5. e5 d5 6. Bb5 d4 7. exf6 dxc3 8. fxg7 cxd2+ 9. Qxd2 Bxg7 10. Qxd8+ Kxd8 11. c3 Kc7 12. Be3 b6 13. Nf3 h6 14. Rd1 Bb7 15. O-O Rad8 16. Bxc6 Bxc6 17. Ne5 Rxd1 18. Rxd1 Ba4 19. Rd2 f5 20. Kf2 Rg8 21. g3 Rd8 1/2-1/2

[Event "Quebec op"]
[Site "Montreal CAN"]
[Date "1997.07.29"]
[Round "5"]
[White "Rousseau, Daniel"]
[Black "Desjardins, Andre"]
[Result "0-1"]
[WhiteElo "1967"]
[BlackElo "2055"]
[PlyCount "136"]
[GameId "2160767911932391"]
[EventDate "1997.07.26"]
[EventType "swiss"]
[EventRounds "9"]
[EventCountry "CAN"]
[SourceTitle "EXT 97"]
[Source "ChessBase"]
[SourceDate "1997.11.17"]
[SourceVersion "1"]
[SourceVersionDate "1997.11.17"]
[SourceQuality "1"]

1. e4 c5 2. Nf3 Nc6 3. Bc4 g6 4. d3 Bg7 5. Nc3 e6 6. Bf4 d6 7. Nb5 e5 8. Bg5 Nge7 9. Nc3 h6 10. Be3 O-O 11. h3 a6 12. g4 b5 13. Bb3 Nd4 14. Bxd4 exd4 15. Nd5 Be6 16. Nf4 d5 17. exd5 Nxd5 18. Nxd5 Bxd5 19. Bxd5 Qxd5 20. O-O f5 21. Nd2 c4 22. gxf5 Rxf5 23. Ne4 Rf4 24. Qe2 Raf8 25. b3 cxd3 26. cxd3 Rf3 27. Kg2 Qh5 28. Rh1 Be5 29. Rac1 Rxf2+ 30. Qxf2 Rxf2+ 31. Kxf2 Kg7 32. Rc2 Qf5+ 33. Kg2 Qf4 34. Rf2 Qe3 35. Rhf1 g5 36. Rf3 Qe2+ 37. R1f2 Qd1 38. Rd2 Qc1 39. Rf1 Qc6 40. Rff2 Bf4 41. Rc2 Qb6 42. Rc5 Qa5 43. Kf1 Qd8 44. Rfc2 Qd7 45. Kg2 g4 46. h4 Qe7 47. Rd5 Qxh4 48. Rd7+ Kg6 49. Rc6+ Kf5 50. Rf7+ Ke5 51. Rc5+ Ke6 52. Rxf4 Qh3+ 53. Kg1 Qe3+ 54. Rf2 g3 55. Nxg3 Qxg3+ 56. Rg2 Qxd3 57. Rc6+ Kd5 58. Rxa6 Qe3+ 59. Kh2 d3 60. Rgg6 Qf4+ 61. Kg2 d2 62. Rg8 Qe4+ 63. Kh2 Qe2+ 64. Kh3 d1=Q 65. Rd8+ Kc5 66. Rxd1 Qxd1 67. Rg6 Qh5+ 68. Kg2 Qxg6+ 0-1